LEADER 01182nam a2200289 i 4500 001 000000181481 003 CaOOAMICUS 005 20090908000000.0 008 090908s2009 it u000 u ita u 013 $a159340 020 $a978-88-11-68110-6 040 $aSeMil$bita 100 1 $aLaras, Giuseppe,$c.$0(OLS)http://semarc/name/90205 245 10$aMeglio in due che da soli :$bl'amore nel pensiero di Israele /$cGiuseppe Laras. 260 $aMilano :$bGarzanti,$c2009. 300 $a156 p. ;$c21 cm. 490 0 $aLe forme 500 $aCon dedica autografa dell'A. - Fondo Card. C.M. Martini. 650 4$aAmore - Concezione giudaica.$0(OLS)http://semarc/subject/34415 830 3$aLe forme.$0(OLS)http://semarc/title/25053 850 $aSeMil 852 $aSeMil$W1$xVenegono$y1$m2R I 79$j132219$B132219$CSeMilBibl$Z2$F144298 $81 941 1 $a4 961 $aLascito: Martini Card. Carlo Maria 996 $6020$a978-88-11-68110-6$9(OLS)http://semarc/number/170979 996 $6245$aMeglio in due che da soli :$bl'amore nel pensiero di Israele$9(OLS)http://semarc/title/260517 996 $6260$aMilano :$bGarzanti$9(OLS)http://semarc/publisher/29852 LEADER 01273nam a2200289 i 4500 001 000000115959 003 CaOOAMICUS 005 20030604000000.0 008 030604s1981 fr u000 u fre u 013 $a88648 020 $a2-89039-752-1 040 $aSeMil$bita 100 1 $aLandercy, M.$0(OLS)http://semarc/name/48439 245 13$aLe Cardinal Stepinac :$bMartyr des droits de l'Homme /$cM. Landercy ; préface de François Marty. 260 $aParis :$bApostolat des éditions,$c1981. 300 $a335 p., [16] p. di tav. ;$c23 cm. 500 $aFondo Card. C.M. Martini. 650 4$aStepinac, Alojzije .$0(OLS)http://semarc/subject/13761 650 4$aCroazia - Storia.$0(OLS)http://semarc/subject/21304 700 1 $aMarty, François,$c.$0(OLS)http://semarc/name/6486 850 $aSeMil 852 $aSeMil$W1$xVenegono$y1$m3J IV 148$j71446$B71446$CSeMilBibl$Z2$F103550 $81 941 1 $a4 961 $aOmaggio: Martini Card. Carlo Maria 996 $6020$a2-89039-752-1$9(OLS)http://semarc/number/99903 996 $6245$aLe Cardinal Stepinac :$bMartyr des droits de l'Homme$9(OLS)http://semarc/title/169933 996 $6260$aParis :$bApostolat des éditions$9(OLS)http://semarc/publisher/30167